Construction site security
| Main Author: | |
|---|---|
| Format: | Book |
| Published: |
Essex, England ,
Construction , c1984
|
| Subjects: |
MARC
| LEADER | 00000cam a2200000 7i4500 | ||
|---|---|---|---|
| 001 | 0000004164 | ||
| 005 | 20050614.0 | ||
| 020 | |a 0860957128 | ||
| 040 | |a INS | ||
| 090 | 0 | 0 | |a TH375. |b E27 1984 |
| 100 | 1 | |a Earnshaw, Leonard | |
| 245 | 1 | 0 | |a Construction site security |c Leonard Earnshaw |
| 260 | |a Essex, England , |c Construction , |c c1984 | ||
| 300 | |a x : |b 107p. ; |c 22 cm. | ||
| 650 | 0 | 0 | |a Building site |x security measures |
| 999 | |a 0000002651 |b BOOK |c Open Shelf |e Default branch | ||